Crímenes que hicieron historia / (Record no. 110391)

MARC details
000 -LEADER
campo de control de longitud fija 00610nam a2200205 4500
001 - NÚMERO DE CONTROL
campo de control 110391
003 - IDENTIFICADOR DE NÚMERO DE CONTROL
campo de control ES-MaACL
007 - CAMPO FIJO DE DESCRIPCIÓN FÍSICA--INFORMACIÓN GENERAL
campo de control de longitud fija t|
008 - DATOS DE LONGITUD FIJA--INFORMACIÓN GENERAL
campo de control de longitud fija 061121s1955 sp r ||||1| spa d
100 1# - ENTRADA PRINCIPAL--NOMBRE DE PERSONA
Nombre de persona O'Donnell, Bernard.
9 (RLIN) 86316
245 10 - MENCIÓN DEL TÍTULO
Título Crímenes que hicieron historia /
Mención de responsabilidad, etc. Bernard O'Donnell; traducción directa del inglés por Carlos Sempau.
250 ## - MENCION DE EDICION
Mención de edición 1ª. ed.
260 ## - PUBLICACIÓN, DISTRIBUCIÓN, ETC.
Lugar de publicación, distribución, etc. Barcelona :
Nombre del editor, distribuidor, etc. A.H.R.,
Fecha de publicación, distribución, etc. 1955.
300 ## - DESCRIPCIÓN FÍSICA
Extensión 313 p., 5 lám ;
Dimensiones 21 cm.
490 1# - MENCIÓN DE SERIE
Mención de serie Amanecer
700 1# - ENTRADA AGREGADA--NOMBRE PERSONAL
Nombre de persona Sempau, Carlos.
9 (RLIN) 105396
830 0# - PUNTO DE ACCESO ADICIONAL DE SERIE-TÍTULO UNIFORME
Título uniforme Amanecer
9 (RLIN) 181036
852 ## - LOCALIZACIÓN
Ubicación ES-MaACL
Número de control de estantería C-9135
Sublocalización o colección R.37127
Holdings
Estatus retirado Estado de pérdida Estado de daño No para préstamo Biblioteca de origen Biblioteca actual Ubicación en estantería Fecha de adquisición Fuente de adquisición Total de préstamos Signatura topográfica completa Código de barras Visto por última vez Precio de reemplazo Tipo de ítem Koha
        Biblioteca del Ateneo de Madrid Biblioteca del Ateneo de Madrid Sala Palomar 17/01/2008     C-9135 1115173 23/02/2023 23/02/2023 Libro impreso